<?xml version="1.0" encoding="UTF-8"?>
<record
    xmlns:xsi="http://www.w3.org/2001/XMLSchema-instance"
    xsi:schemaLocation="http://www.loc.gov/MARC21/slim http://www.loc.gov/standards/marcxml/schema/MARC21slim.xsd"
    xmlns="http://www.loc.gov/MARC21/slim">

  <leader>01015nam a22002297a 4500</leader>
  <controlfield tag="005">20110913152830.0</controlfield>
  <controlfield tag="008">110913t        xxu||||| |||| 00| 0 mar d</controlfield>
  <datafield tag="010" ind1=" " ind2=" ">
    <subfield code="a">MAR-21298</subfield>
  </datafield>
  <datafield tag="020" ind1=" " ind2=" ">
    <subfield code="a">9789380572154</subfield>
    <subfield code="c">150.00</subfield>
  </datafield>
  <datafield tag="035" ind1=" " ind2=" ">
    <subfield code="a">MR-13956</subfield>
  </datafield>
  <datafield tag="037" ind1=" " ind2=" ">
    <subfield code="b">DBAD/PUB</subfield>
  </datafield>
  <datafield tag="040" ind1=" " ind2=" ">
    <subfield code="a">DPL</subfield>
    <subfield code="b">MR</subfield>
  </datafield>
  <datafield tag="082" ind1=" " ind2=" ">
    <subfield code="a">891.46301</subfield>
  </datafield>
  <datafield tag="100" ind1=" " ind2=" ">
    <subfield code="a">&#x917;&#x94B;&#x921;&#x92C;&#x94B;&#x932;&#x947;,&#x92E;&#x902;&#x917;&#x932;&#x93E; </subfield>
    <subfield code="9">34729</subfield>
  </datafield>
  <datafield tag="245" ind1=" " ind2=" ">
    <subfield code="a">&#x92A;&#x947;&#x91C; &#x925;&#x94D;&#x930;&#x940; / </subfield>
    <subfield code="c">&#x92E;&#x902;&#x917;&#x932;&#x93E; &#x917;&#x94B;&#x921;&#x92C;&#x94B;&#x932;&#x947;  </subfield>
  </datafield>
  <datafield tag="246" ind1=" " ind2=" ">
    <subfield code="a">Page Three</subfield>
    <subfield code="b">by Mangla Godbole</subfield>
  </datafield>
  <datafield tag="260" ind1=" " ind2=" ">
    <subfield code="a">&#x92A;&#x941;&#x923;&#x947; </subfield>
    <subfield code="b">&#x92E;&#x947;&#x928;&#x915;&#x93E; &#x92A;&#x94D;&#x930;&#x915;&#x93E;&#x936;&#x928; </subfield>
    <subfield code="c">2011</subfield>
  </datafield>
  <datafield tag="270" ind1=" " ind2=" ">
    <subfield code="a">2117, &#x938;&#x926;&#x93E;&#x936;&#x93F;&#x935;  &#x92A;&#x947;&#x920;,&#x935;&#x93F;&#x91C;&#x92F;&#x93E;&#x928;&#x917;&#x930; &#x915;&#x949;&#x932;&#x94B;&#x928;&#x940;  </subfield>
    <subfield code="b">&#x92A;&#x941;&#x923;&#x947; </subfield>
    <subfield code="e">411030</subfield>
  </datafield>
  <datafield tag="300" ind1=" " ind2=" ">
    <subfield code="a">168&#x92A;&#x943;.</subfield>
    <subfield code="c">21&#x938;&#x947;&#x92E;&#x940;(&#x905;&#x91C;&#x93F;&#x932;&#x94D;&#x926;)</subfield>
  </datafield>
  <datafield tag="942" ind1=" " ind2=" ">
    <subfield code="2">ddc</subfield>
    <subfield code="c">MR</subfield>
    <subfield code="m">&#x917;&#x94B;&#x921;&#x92C;&#x94B;</subfield>
    <subfield code="h">891.46301</subfield>
  </datafield>
  <datafield tag="999" ind1=" " ind2=" ">
    <subfield code="c">56613</subfield>
    <subfield code="d">56613</subfield>
  </datafield>
  <datafield tag="952" ind1=" " ind2=" ">
    <subfield code="0">0</subfield>
    <subfield code="1">0</subfield>
    <subfield code="2">ddc</subfield>
    <subfield code="4">0</subfield>
    <subfield code="7">1</subfield>
    <subfield code="8">FIC</subfield>
    <subfield code="a">DBAD</subfield>
    <subfield code="b">DBAD</subfield>
    <subfield code="d">2011-09-14</subfield>
    <subfield code="e">DBAD / PUB</subfield>
    <subfield code="g">150.00</subfield>
    <subfield code="l">0</subfield>
    <subfield code="o">891.46301 &#x917;&#x94B;&#x921;&#x92C;&#x94B;</subfield>
    <subfield code="p">MR-13956</subfield>
    <subfield code="r">2011-09-14 00:00:00</subfield>
    <subfield code="t">1</subfield>
    <subfield code="v">150.00</subfield>
    <subfield code="y">MR</subfield>
  </datafield>
</record>
